000 00588nam a22001937a 4500
999 _c186633
_d186633
005 20220310153710.0
010 _aENG-131934
020 _a9789388478625
_c150.00
035 _aEN-115466
037 _bDBAD/PUB
082 _a613.7176
245 _aLive Healthier Live Longer:
_cEdited by B.M. Hegde and J.S. Pant
260 _aBengaluru
_bPrism Books Pvt. Ltd.
_c2020
270 _a#1865,32nd Cross,10th Main BSK II Stage
_bBengaluru
_e560070
300 _av, 88p.
_c21cm(pbk)
700 _aHedge, B.M.
700 _aPant, J.S.
942 _2ddc
_cEN
_h613.7176
_mLIV